[Event "Incheon op (Women) 4th"]
[Site "Incheon"]
[Date "2013.07.02"]
[Round "5"]
[White "Hasegawa, Emi"]
[Black "Oh, Minah"]
[Result "1-0"]
[WhiteElo "1735"]
[BlackElo "1526"]
[PlyCount "127"]
[EventDate "2013.06.30"]
[EventType "swiss"]
[EventRounds "7"]
[EventCountry "KOR"]
[SourceTitle "CBM 155 Extra"]
[Source "ChessBase"]
[SourceDate "2013.08.26"]
[SourceVersion "1"]
[SourceVersionDate "2013.08.26"]
[SourceQuality "1"]

1. d4 d5 2. c4 e6 3. Nc3 Nf6 4. cxd5 exd5 5. Bg5 c6 6. e3 h6 7. Bf4 Bb4 8. Qc2 0-0 9. Bd3 Bg4 10. h3 Be6 11. Nf3 Nbd7 12. 0-0 Re8 13. a3 Ba5 14. b4 Bc7 15. Ne2 Ne4 16. Rfc1 Rc8 17. Qb3 Nb6 18. Bxc7 Rxc7 19. Qc2 Ng5 20. Nxg5 Qxg5 21. Nf4 Bd7 22. a4 Nc8 23. b5 Nd6 24. Qc5 Nc8 25. a5 b6 26. axb6 axb6 27. Qb4 Qd8 28. bxc6 Bxc6 29. Ra2 Ra7 30. Rac2 Ne7 31. Rxc6 Nxc6 32. Rxc6 g5 33. Nh5 Re6 34. Rxe6 fxe6 35. g4 Ra1+ 36. Kg2 Qc7 37. Qb5 Kf7 38. Bb1 Ra5 39. Qd3 Kf8 40. Qg6 Qe7 41. Nf6 Qf7 42. Qxh6+ Ke7 43. Nh5 Ra1 44. Qxg5+ Kd7 45. Bg6 Qf8 46. Nf6+ Kc7 47. Qf4+ Kb7 48. Qe5 Qc8 49. Ne8 Qc1 50. Qg7+ Ka6 51. Bd3+ b5 52. Nc7+ Ka5 53. Nxb5 Qg1+ 54. Kf3 Qh1+ 55. Kg3 Qg1+ 56. Kf3 Qd1+ 57. Be2 Qh1+ 58. Kf4 Qe4+ 59. Kg3 Qb1 60. Qc7+ Kb4 61. Qc3+ Ka4 62. Kf4 Qe4+ 63. Kg5 Qb1 64. Nd6 1-0

[Event "Incheon op (Women) 4th"]
[Site "Incheon"]
[Date "2013.07.01"]
[Round "2"]
[White "Uchida, Narumi"]
[Black "Oh, Minah"]
[Result "1-0"]
[WhiteElo "1834"]
[BlackElo "1526"]
[PlyCount "103"]
[EventDate "2013.06.30"]
[EventType "swiss"]
[EventRounds "7"]
[EventCountry "KOR"]
[SourceTitle "CBM 155 Extra"]
[Source "ChessBase"]
[SourceDate "2013.08.26"]
[SourceVersion "1"]
[SourceVersionDate "2013.08.26"]
[SourceQuality "1"]

1. e4 e5 2. Nf3 Nc6 3. Bb5 a6 4. Ba4 Nf6 5. 0-0 Be7 6. Re1 b5 7. Bb3 d6 8. c3 Na5 9. Bc2 c5 10. h3 0-0 11. d4 Qc7 12. Nbd2 cxd4 13. cxd4 Bd7 14. Nf1 Rac8 15. Ne3 Nc4 16. Nxc4 bxc4 17. Bd2 Rfe8 18. Bc3 Bf8 19. Qd2 Nh5 20. dxe5 dxe5 21. Bxe5 Qb7 22. Bc3 Red8 23. Qg5 g6 24. Rad1 h6 25. Qe3 Bg7 26. e5 Re8 27. Be4 Bc6 28. Bxc6 Qxc6 29. Qd2 Rcd8 30. Qxd8 Rxd8 31. Rxd8+ Kh7 32. Rd4 g5 33. h4 Nf4 34. hxg5 Ne6 35. Rh4 Kg6 36. gxh6 Bxh6 37. Nd4 Qc5 38. Rg4+ Kh5 39. Nxe6 fxe6 40. Rg3 Bf4 41. Rf3 Bg5 42. Rd1 Qb5 43. a3 Be7 44. Kh2 Qe8 45. Rd4 Qb5 46. g4+ Kg5 47. Rh3 Qxe5+ 48. f4+ Qxf4+ 49. Rxf4 Kxf4 50. Rg3 Bh4 51. Rg2 Kg5 52. Kh3 1-0

[Event "Olympiad Women-40"]
[Site "Istanbul"]
[Date "2012.09.04"]
[Round "7.4"]
[White "Oh, Minah"]
[Black "Kristinardottir, Elsa Maria"]
[Result "0-1"]
[WhiteElo "1522"]
[BlackElo "1737"]
[PlyCount "124"]
[EventDate "2012.08.28"]
[EventType "team-swiss"]
[EventRounds "11"]
[EventCountry "TUR"]
[SourceTitle "CBM 150 Extra"]
[Source "ChessBase"]
[SourceDate "2012.10.19"]
[SourceVersion "1"]
[SourceVersionDate "2012.10.19"]
[SourceQuality "1"]
[WhiteTeam "South Korea (W)"]
[BlackTeam "Iceland (W)"]
[WhiteTeamCountry "KOR"]
[BlackTeamCountry "ISL"]

1. e4 c6 2. d4 d5 3. exd5 cxd5 4. Bd3 Nc6 5. Nf3 Bg4 6. c3 e6 7. Bf4 Qb6 8. b3 Nf6 9. Nbd2 Qa5 10. Qc2 Rc8 11. 0-0 Qb6 12. Qb2 Be7 13. Rac1 0-0 14. Rfe1 Rfd8 15. h3 Bh5 16. Re3 Bg6 17. Bxg6 hxg6 18. Ne5 Qa5 19. b4 Qb5 20. Qb1 Nxe5 21. Bxe5 Bd6 22. Nf3 Ne4 23. Bxd6 Rxd6 24. Ne5 Nd2 25. Qc2 Nc4 26. Nxc4 Qxc4 27. a4 Rdc6 28. Qd2 R6c7 29. Rf3 Qa6 30. a5 Qd6 31. Qg5 Rc4 32. h4 Qd8 33. Qg4 Rxb4 34. Qf4 Qc7 35. Qg5 Rxd4 36. h5 f6 37. Qxg6 Qf7 38. Rb1 Rdc4 39. Qxf7+ Kxf7 40. Rxb7+ R4c7 41. Rb4 Rc4 42. Rd3 f5 43. Kh2 Kf6 44. Rg3 Rxb4 45. cxb4 d4 46. Rg6+ Kf7 47. Kg3 Rc3+ 48. Kf4 Rc4 49. b5 Rb4 50. b6 axb6 51. axb6 Rxb6 52. Rg3 Rd6 53. Rd3 Kf6 54. f3 e5+ 55. Kg3 e4 56. fxe4 fxe4 57. Rd1 Kg5 58. Rh1 d3 59. Kf2 Kf4 60. g3+ Ke5 61. Ke3 Rf6 62. Kd2 Kd4 0-1